Statistics without maths for psychology : (Record no. 6718)

MARC details
000 -LEADER
fixed length control field 00837nam a22001457a 4500
020 ## - INTERNATIONAL STANDARD BOOK NUMBER
ISBN 0134757246
050 ## - CALL NUMBER
Classification number QA276.12
Item number D36
100 ## - AUTHOR
Personal name Christine P Dancey
245 ## - TITLE
Title Statistics without maths for psychology :
Remainder of title using SPSS for Windows
Statement of responsibility, etc Christine P Dancey; John Reidy
260 ## - PUBLICATION INFORMATION
Place of publication London [i.e. Harlow] :
Name of publisher Prentice Hall,
Year of publication 1999.
300 ## - DESCRIPTION
Number of Pages xxii, 535 pages : ;
Other physical details illustrations
Dimensions 24 cm
500 ## - NOTES
General note Includes index
505 ## - FORMATTED CONTENTS NOTE
Table of Content Introduction to descriptive statistics Research design issues Probability and statistical significance Analysis of differences between two conditions Issues of significance Correlational analysis Measures of association Analysis of difference between three or more conditions Factorial analysis of variance Regression Analysis of conditions with covariate MANOVA Answers to exercises
942 ## - ADDED ENTRY ELEMENTS (KOHA)
Koha item type Books
Holdings
Withdrawn status Lost status Collection code Home library Current library Shelving location Date acquired Full call number Accession Number Koha item type
    Non-fiction Methodist University Library Main Methodist University Library Main General Stacks 12/12/1999 QA276.12 D36 14197 Books
    Non-fiction Methodist University Library Main Methodist University Library Main General Stacks 12/12/1999 QA276.12 D36 18028 Books
Copyright © 2026  MUG Library